Pink Floyd Albums by Year - Statistics

General Stats
  • This quiz has been taken 62 times
  • The average score is 13 of 15
Answer Stats
Year Answer % Correct
1973 The Dark Side of the Moon
98%
1979 The Wall
98%
1977 Animals
96%
1967 The Piper at the Gates of Dawn
94%
1975 Wish You Were Here
94%
1971 Meddle
91%
1994 The Division Bell
91%
1969 Ummagumma
89%
1970 Atom Heart Mother
87%
1983 The Final Cut
85%
1986 A Momentary Lapse of Reason
81%
1968 A Saucerful of Secrets
81%
1969 More
81%
2014 The Endless River
77%
1972 Obscured by Clouds
74%
No matching quizzes found
Score Distribution
Percent of People with Each Score
Percentile by Number Answered
Your Score History
You have not taken this quiz